LDR 00886naa#a2200169#i#450# 001 RU\\bibl\121295 005 20260517231630.7 011 ## _a1994-4683 100 ## _a20230803b2023####ek#y0rusy0150####ca 102 ## _aRU 200 1# _aПОТЕНЦИАЛ ФИЗИЧЕСКОЙ РЕКРЕАЦИИ В ОПТИМИЗАЦИИ ОБРАЗА ЖИЗНИ ПОДРОСТКОВ-ЕДИНОБОРЦЕВ _eЖурнальная статья 210 1# _aМосква _cНациональный государственный Университет физической культуры, спорта и здоровья им. П.Ф. Лесгафта _d2023 215 ## _a4 с. 608 ## _aЖурнальная статья _2local 675 ## _aФилософия. Теория. Назначение. Методика. Этика. Эстетика. 796.01 _z 700 #1 _aМагдич _gЕ А 856 4# _auchzapiski.lesgaft.spb.ru _u